Countries without repetitions - Statistics

General Stats
  • This quiz has been taken 24 times
    17 since last reset
  • The average score is 44 of 54
Answer Stats
Country % Correct
France
100%
Hungary
100%
Spain
100%
Brazil
93%
Chile
93%
China
93%
Egypt
93%
Ireland
93%
Israel
93%
Italy
93%
Laos
93%
Mexico
93%
Norway
93%
Oman
93%
Chad
87%
Cuba
87%
Cyprus
87%
Denmark
87%
Ecuador
87%
Estonia
87%
Germany
87%
Iran
87%
Iraq
87%
Jordan
87%
Kuwait
87%
Niger
87%
Portugal
87%
Turkey
87%
Belarus
80%
Bhutan
80%
Guinea
80%
Iceland
80%
Libya
80%
Mali
80%
Nepal
80%
Peru
80%
Poland
80%
Sudan
80%
Syria
80%
Ukraine
80%
Vietnam
80%
Gabon
73%
Kenya
73%
Serbia
73%
Slovenia
73%
Suriname
73%
Tonga
67%
Belgium
60%
Brunei
53%
Honduras
53%
Maldives
53%
Singapore
53%
Switzerland
53%
Uzbekistan
47%
No matching quizzes found
Score Distribution
Percent of People with Each Score
Percentile by Number Answered
Your Score History
You have not taken this quiz since the last reset